000 00205 a2200097 4500
001 7056
100 _aAli, B
245 _aMuslim social philosophy
260 _a
_bIaniyatul falah
_c
090 _c5826
_d5826
942 _aNUST-CAE
_cM
_c32296
999 _c242129
_d242129